Zbierka úloh pre vzdelávací stupeň ISCED 2 anglický jazyk (úroveň A2 podľa SERR pre jazyky)

Bibliographic Details
Other Authors: Mišová, Miroslava (Compiler)
Format: Book
Language:Slovak
PhysicalDescription:44 s. grafy, ilustr., tab. 30 cm
Published: Bratislava Národný ústav certifikovaných meraní vzdelávania 2013
ISBN:9788089638055 (brož.)
Edition:1. vyd.
Subjects:

MARC

LEADER 00000cam a2200000 a 4500
001 vtls010564099
003 SK-MaSNL
005 20260425224125.0
008 160430s2013 xo da e n 000 0 slo
015 |a SNBA2014/02 
020 |a 9788089638055 (brož.) 
035 |a A0CC2FA5-CDEF-445C-8816-C48E942363D4 
035 |a urn:nbn:sk:snk-amjyzm 
035 |a urn:nbn:sk:snk-am007xza 
040 |a SNK  |b slo  |c SNK  |e AACR2 
041 0 |a slo 
044 |a xo  |c SK 
072 7 |a 811.111  |x Angličtina  |2 konspekt 
072 7 |a 37  |x Výchova a vzdelávanie  |2 konspekt 
080 |a 811.111  |2 2001 
080 |a 373.3  |2 2001 
080 |a 371.26/.27  |2 2001 
080 |a (076.1/.3)  |2 2001 
245 0 0 |a Zbierka úloh pre vzdelávací stupeň ISCED 2  |b anglický jazyk (úroveň A2 podľa SERR pre jazyky)  |c [zostavil: Miroslava Mišová] 
246 3 0 |a Anglický jazyk (úroveň A2 podľa SERR pre jazyky) 
250 |a 1. vyd. 
260 |a Bratislava  |b Národný ústav certifikovaných meraní vzdelávania  |c 2013 
300 |a 44 s.  |b grafy, ilustr., tab.  |c 30 cm 
366 |e 2500 výt. 
504 |a Bibliogr.: s. 29 
650 0 7 |a angličtina  |2 SNKPH  |9 1260 
650 0 7 |a základné školy  |2 SNKPH  |9 1280 
650 0 7 |a hodnotenie žiakov  |2 SNKPH  |9 3929 
650 0 7 |a English language  |2 SNKPHeng  |9 279139 
650 0 7 |a Elementary schools  |2 SNKPHeng  |9 265049 
650 0 7 |a Evaluation of school children  |2 SNKPHeng  |9 321745 
655 7 |a zbierky úloh  |2 SNKPH  |9 70562 
655 7 |a Examinations, questions etc.  |2 SNKPHeng  |9 286217 
700 1 |a Mišová, Miroslava  |4 com  |9 360201 
852 |a Štátna vedecká knižnica v Banskej Bystrici 
919 |a 978-80-89638-05-5 
958 |a NB 
999 |c 604798  |d 606728 
952 |a SNK  |b SNK  |y PREZ  |7 0  |p 17A1102986  |o snkSB 86109  |i snk2014/1866  |8 0  |0 0  |1 0  |4 0  |d 2014-01-21  |f 1  |l 0  |r 2025-05-07 00:00:00  |w 2026-02-23 
952 |a SNK  |b SNK  |y VYP  |7 0  |p 17A1102985  |o snkSB 86109 D1  |i snk2014/1867  |8 0  |0 0  |1 0  |4 0  |d 2014-01-21  |l 0  |r 2016-06-30 00:00:00  |w 2026-02-23